000 00530nam a2200181Ia 4500
003 GCL
008 140319s9999 xx 000 0 ara d
040 _aGCL /
_cGCL
082 0 4 _a421.52
_bك ل
100 1 _aكيس ,دغ
245 1 0 _aلنتكلم الانجليزية /
_cكيس ,دغ
700 1 _aميلن , وجون
700 1 _aماجد سرحان
490 _aتعليم الانكليزية بالراديو
_v0
650 0 4 _aاللغة الانجليزية
650 0 4 _aتعليم اللغات
942 _2ddc
_cBK
999 _c51726
_d51726